000 nam a22 7a 4500
999 _c9344
_d9344
008 180509b ||||| |||| 00| 0 eng d
020 _a9712710238
100 _927794
_aCordero-Fernando, Gilda
245 _aThe dust monster/
_bGilda Cordero-Fernando
260 _aPasig City:
_bANVIL Publishing,
_cc1994.
300 _apages 115-128;
_b21 cm.
500 _aStory Collection.
650 0 _927795
_aShort stories
942 _2ddc
_cDFIL